|
|
|
|
| LEADER |
00636nab a2200169 i 4500 |
| 001 |
acta10342 |
| 005 |
20210624094517.0 |
| 008 |
161015s1922 hu o 0|| hun d |
| 040 |
|
|
|a SZTE Egyetemi Kiadványok Repozitórium
|b hun
|
| 041 |
|
|
|a hun
|
| 100 |
1 |
|
|a Bátky Zsigmond
|
| 245 |
1 |
0 |
|a Néhány vonás Fejérmegye településföldrajzához
|h [elektronikus dokumentum] :
|b A termőtalaj és letelepülések kapcsolata /
|c Bátky Zsigmond
|
| 260 |
|
|
|c 1922
|
| 300 |
|
|
|a 185-191
|
| 490 |
0 |
|
|a Föld és ember
|v 2 No. 3-4
|
| 695 |
|
|
|a Földrajztudomány
|
| 856 |
4 |
0 |
|u http://acta.bibl.u-szeged.hu/10342/1/fold_002_003_004_185-191.pdf
|z Dokumentum-elérés
|